000 00382pab a2200157 454500
008 180718b1997 xxu||||| |||| 00| 0 eng d
100 _aMishra, Sweta
245 _aDecentralized planning: retrospect and prospect
260 _c1997
300 _ap.23-26
362 _aJun
650 _aLocal government
650 _aDecentralization
773 _aKurukshetra
909 _a34829
999 _c34829
_d34829